<?xml version="1.0" encoding="UTF-8"?>
<collection xmlns:xsi="http://www.w3.org/2001/XMLSchema-instance" xsi:schemaLocation="http://www.loc.gov/MARC21/slim http://www.loc.gov/standards/marcxml/schema/MARC21slim.xsd" xmlns="http://www.loc.gov/MARC21/slim">
 <record>
  <leader>00000cam a22000004a 4500</leader>
  <controlfield tag="001">UP-1685675941123850387</controlfield>
  <controlfield tag="003">Buklod</controlfield>
  <controlfield tag="005">20110221165220.0</controlfield>
  <controlfield tag="006">aa    rb   |||1 u|</controlfield>
  <controlfield tag="007">ta</controlfield>
  <controlfield tag="008">080210s1987    xx     dr    |||| u|fil d</controlfield>
  <datafield tag="020" ind1=" " ind2=" ">
   <subfield code="a">9718565213</subfield>
  </datafield>
  <datafield tag="035" ind1=" " ind2=" ">
   <subfield code="a">(iLib)UPTAC-00007707745</subfield>
  </datafield>
  <datafield tag="040" ind1=" " ind2=" ">
   <subfield code="a">DEDUC</subfield>
   <subfield code="d">UPVTC</subfield>
  </datafield>
  <datafield tag="041" ind1=" " ind2=" ">
   <subfield code="a">eng</subfield>
  </datafield>
  <datafield tag="090" ind1=" " ind2=" ">
   <subfield code="a">GR 325</subfield>
   <subfield code="b">T3 1987</subfield>
  </datafield>
  <datafield tag="100" ind1="1" ind2=" ">
   <subfield code="a">Tan, Michael L.</subfield>
  </datafield>
  <datafield tag="245" ind1="1" ind2="0">
   <subfield code="a">Usug, kulam, pasma</subfield>
   <subfield code="b">traditional concepts of health and illness in the Philippines</subfield>
   <subfield code="c">Michael L. Tan ; Lorna P. Makil, Mary Grenough.</subfield>
  </datafield>
  <datafield tag="264" ind1=" " ind2="1">
   <subfield code="a">Quezon City</subfield>
   <subfield code="b">Alay Kapwa Kilusang Pangkalusugan</subfield>
   <subfield code="c">1987.</subfield>
  </datafield>
  <datafield tag="300" ind1=" " ind2=" ">
   <subfield code="a">116 p.</subfield>
   <subfield code="b">ill.</subfield>
  </datafield>
  <datafield tag="505" ind1="0" ind2=" ">
   <subfield code="a">Table of Contents: Preface -- I. Introduction: Theoretical and Methodological Considerations -- II. Defining the Framework for Analysis: Health, Illness and Medicine -- III. Usog, Balis and Other Mystical Theories of Illness Causation -- IV. The Engkanto, Mangkukulam, and Aswang: Personalistic Theories of Illness Causation -- V. Pasma, Hangin and Naturalistic Theories of Illness Causation -- VI. Case Studies -- VII. Summary and Conclusions -- Appendix. Ethnic Groups in the Philippines -- References Cited.</subfield>
  </datafield>
  <datafield tag="650" ind1=" " ind2="0">
   <subfield code="a">Folk medicine</subfield>
   <subfield code="z">Philippines</subfield>
   <subfield code="x">Formulae, receipts, prescriptions.</subfield>
  </datafield>
  <datafield tag="650" ind1=" " ind2="0">
   <subfield code="a">Medical delusions</subfield>
   <subfield code="z">Philippines.</subfield>
  </datafield>
  <datafield tag="856" ind1="4" ind2="1">
   <subfield code="3">Table of contents only</subfield>
   <subfield code="u">https://drive.google.com/file/d/1KDeEhfpTDaZdXbrWKK48-eZe3OnGq5So/view?usp=share_link</subfield>
  </datafield>
  <datafield tag="905" ind1=" " ind2=" ">
   <subfield code="a">FI</subfield>
  </datafield>
  <datafield tag="852" ind1="0" ind2=" ">
   <subfield code="a">UPTAC</subfield>
   <subfield code="b">UPTAC</subfield>
   <subfield code="h">GR 325</subfield>
   <subfield code="i">T3 1987</subfield>
  </datafield>
  <datafield tag="942" ind1=" " ind2=" ">
   <subfield code="a">Book</subfield>
  </datafield>
 </record>
</collection>
